00479nam a2200157Ia 4500001000500000005001700005008004100022041000800063082001500071100006500086245013800151260000900289300000700298650000800305654000800313416020260306145735.0260306t2012||||xx |||||||||||||| ||spa|| aESP a307.2bC75 aFederación Internacional de Universidades CatólicaseAUT 0aColoquio internacional Asia - América Latina:bcomprender los desplazamientos de población. Miradas plurales desde la universidad c2012 ac aGEN aCAU